| 000 | 00553nam a2200169Ia 4500 | ||
|---|---|---|---|
| 999 |
_c35487 _d35487 |
||
| 003 | OSt | ||
| 005 | 20201211122749.0 | ||
| 008 | 190216s9999||||xx |||||||||||||| ||und|| | ||
| 040 | _coclc | ||
| 082 |
_a378 _bASS/T |
||
| 100 | _aAssociation Of Indian University Author | ||
| 245 | 0 |
_aThree Aspects Of University Education / _cAssociation Of Indian University |
|
| 260 |
_bAssociation Of Indian Universities, _c1992. _aNew Delhi: |
||
| 300 | _a203p | ||
| 650 | _aUniversity Education | ||
| 942 |
_cREF _2ddc _h378 _iASS/T _k378 _mASS/T |
||